00717nam a22002417a 450000500170000001000110001702000100002803500110003803700160004904000120006508200130007710000280009024501600011826000320027827000110031030000210032150000200034250000310036265000150039365000250040870000200043370000220045320170124110039.0 a009422 c00.00 a009422 bCen Lib/Ret aDPLbEN a382bHAB aHaberler, Gottfried Von aTheory of international trade :cby Gottfried Von Habeler translated by Alfred Stonier [and] Frederic Benham bwith its applications to commercial policy / aLondonbWilliam hodgec1950 bLondon a408p. c20cm(Hb) aIncludes index  aTranslated from the German aEconomics  aInternational trade  aStonier, Alfred aBenham, Frederic